Bioarqueología: historia biocultural de los antiguos pobladores del extremo norte de Chile

Uloženo v:
Podrobná bibliografie
Hlavní autoři: Arriaza Torres, Bernardo Tomás (Autor), Standen, Vivien (Autor)
Médium: Kniha
Jazyk:španělština
Vydáno: Santiago Universitaria 2010
Vydání:1a. ed
Témata:
Tagy: Přidat tag
Žádné tagy, Buďte první, kdo vytvoří štítek k tomuto záznamu!

MARC

LEADER 00000cam a2200000 a 4500
001 UCG9594
003 CL-VaPUC
008 120323e20100000CL |||||||||||||||||spa|d
020 |a 9789561120419 
082 0 4 |a 983.01  |b ARR  |2 21 
100 0 |a Arriaza Torres, Bernardo Tomás  |e author  |9 561218 
700 0 |a Standen, Vivien  |e author  |9 561219 
245 1 0 |a Bioarqueología: historia biocultural de los antiguos pobladores del extremo norte de Chile 
250 |a 1a. ed 
300 |a 148 p 
942 |c BK 
945 |d 20120323 00:00:00  |a dcastane 
260 |a Santiago  |b Universitaria  |c 2010 
650 0 |a Arqueología   |9 265619 
650 0 |a Culturas indígenas  |9 266389 
583 |a last modification  |c 20120323 11:52:00  |k Rodrigo Vera 
999 |c 347140  |d 347138